Tilastot visalle Suomen armeijan sotilasarvot

Klikkaa tästä pelataksesi tätä visaa!

Yleistilastot

  • Tätä visaa on pelattu 1 073 kertaa
  • Keskiarvotulos 14 / 19

Vastaustilastot

HintVastaus% Oikein
1.Korkein sotilasarvoKenraali
91%
17.Alikersantti
90%
16.Kersantti
90%
10.Luutnantti
88%
15.Ylikersantti
85%
7.Majuri
84%
19.Korpraali
83%
8.Kapteeni
82%
20. Alin sotilasarvoSotamies
82%
14.Vääpeli
79%
11.Vänrikki
77%
9.Yliluutnantti
76%
5.Eversti
67%
3.Kenraalimajuri
65%
13.Ylivääpeli
65%
6.Everstiluutnantti
61%
2.Kenraaliluutnantti
59%
12.Sotilasmestari
57%
4.Prikaatikenraali
42%

Tulosjakauma

Persentiili vastausten määrän mukaan

Jokaisen tuloksen saaneiden osuus

Tuloshistoriasi

Et ole pelannut tätä visaa